Kitāb Sharḥ al-ʻAllāmah Zayn al-Dīn Muḥammad al-madʻū ʻAbd al-Raʼūf ibn Tāj al-ʻĀrifīn ibn ʻAlī ibn Zayn al-ʻĀbidīn al-Ḥaddādī al-Qāhirī al-maʻrūf bi-al-Munāwī al-mawlūd sanat 925, al-mutawaffá bi-al-Qāhirah ṣabīḥat yawm al-Khamīs, al-thālith wa-al-ʻishrīn min Ṣafar al-Khayr, sanat 1031 ʻalá Qaṣīdat al-nafs li-Ibn Sīnā, wa-fīhi taʻrīf al-rūḥ, muqābalan ʻalá naskhat al-muʼallif, raḥimahu Allāh.

محفوظ في:

المؤلف الرئيسي: Munāwī, ʻAbd al-Raʼūf ibn Tāj al-ʻĀrifīn, -1621.

مؤلفون آخرون: Avicenna, 980-1037.

التنسيق: كتاب

اللغة: Arabic

منشور في: Miṣr : Maṭbaʻat al-Mawsūʻāt, 1900.

الموضوعات:

الوسوم: إضافة وسم

لا توجد وسوم, كن أول من يضع وسما على هذه التسجيلة!

رقم الطلب: BP166.73 .M86x 1900

LEADER 01358nam a22002177a 4500
005 20251215092700.0
008 251215t1900 ua 000 0 araod
040 |c ARCE Library 
050 1 4 |a BP166.73  |b .M86x 1900 
100 1 |a Munāwī, ʻAbd al-Raʼūf ibn Tāj al-ʻĀrifīn,   |d -1621. 
240 1 0 |a Sharḥ al-ʻAllāmah Zayn al-Dīn Muḥammad al-madʻū ʻAbd al-Raʼūf ibn Tāj al-ʻĀrifīn. 
245 1 0 |a Kitāb Sharḥ al-ʻAllāmah Zayn al-Dīn Muḥammad al-madʻū ʻAbd al-Raʼūf ibn Tāj al-ʻĀrifīn ibn ʻAlī ibn Zayn al-ʻĀbidīn al-Ḥaddādī al-Qāhirī al-maʻrūf bi-al-Munāwī al-mawlūd sanat 925, al-mutawaffá bi-al-Qāhirah ṣabīḥat yawm al-Khamīs, al-thālith wa-al-ʻishrīn min Ṣafar al-Khayr, sanat 1031 ʻalá Qaṣīdat al-nafs li-Ibn Sīnā, wa-fīhi taʻrīf al-rūḥ, muqābalan ʻalá naskhat al-muʼallif, raḥimahu Allāh. 
260 |a Miṣr :   |b Maṭbaʻat al-Mawsūʻāt,   |c 1900. 
300 |a 119, 2, 2 p. ;   |c 25 cm. 
500 |a Includes the text of Avicenna's poem al-ʻAynīyah. 
500 |a Munāwī, ʻAbd al-Raʼūf ibn Tāj al-ʻĀrifīn, -1621. Sharḥ al-ʻAllāmah Zayn al-Dīn Muḥammad al-madʻū ʻAbd al-Raʼūf ibn Tāj al-ʻĀrifīn. 
600 0 0 |a Avicenna,   |d 980-1037   |t ʻAynīyah. 
650 0 |a Soul   |x Islam. 
700 0 2 |a Avicenna,   |d 980-1037. 
942 |2 lcc  |c BK 
999 |c 48647  |d 48647